000 00605nam a2200181Ia 4500
005 20260429112245.0
008 260429s9999||||xx |||||||||||||| ||und||
020 _a9788177146011
041 _aHindi
082 _a370
_bLUN
100 _aलुनाचार्स्की, अनातोली
245 0 _aशिक्षा का लक्ष्य /
_cअनातोली लुनाचार्स्की
250 _a1st ed.
260 _aनई दिल्ली :
_bराजकमल प्रकाशन,
_c2017.
300 _a279 p.; Hb
650 _aEducation
942 _cTB
999 _c53161
_d53161